Writing history in the Soviet Union: (Record no. 19624)

MARC details
000 -LEADER
fixed length control field 01002cam a22002654a 4500
005 - DATE AND TIME OF LATEST TRANSACTION
control field 20080820115011.0
008 - FIXED-LENGTH DATA ELEMENTS--GENERAL INFORMATION
fixed length control field 080216s2008 ii b 001 0 eng
010 ## - LCCN (DPL NO)
LC control number ENG-92081
020 ## - INTERNATIONAL STANDARD BOOK NUMBER
International Standard Book Number 8187358378
Terms of availability 695.00
020 ## - INTERNATIONAL STANDARD BOOK NUMBER
International Standard Book Number 9788187358374
Terms of availability 695.00
035 ## - SYSTEM CONTROL NUMBER
System control number EN-75614
037 ## - SOURCE OF ACQUISITION
Source of stock number/acquisition DBAD / PUB
040 ## - CATALOGING SOURCE
Original cataloging agency dpl
Language of cataloging English
082 ## - DEWEY DECIMAL CLASSIFICATION NUMBER
Classification number 947.0072047
100 ## - MAIN ENTRY--PERSONAL NAME
Personal name Banerji, Arup
245 ## - TITLE STATEMENT
Title Writing history in the Soviet Union:
Statement of responsibility, etc by Arup Banerji
Remainder of title making the past work /
260 ## - PUBLICATION, DISTRIBUTION, ETC. (IMPRINT)
Name of publisher, distributor, etc Social Science Press [and] Orient Longman
Date of publication, distribution, etc 2008
Place of publication, distribution, etc New Delhi
270 ## - ADDRESS
City New Delhi
Postal code 110003
300 ## - PHYSICAL DESCRIPTION
Extent xx, 322p.
Dimensions 22cm (Hb)
500 ## - GENERAL NOTE
General note Includes bibliographical references and index
651 ## - SUBJECT ADDED ENTRY--GEOGRAPHIC NAME
Geographic name Soviet Union
General subdivision Historiography.
942 ## - ADDED ENTRY ELEMENTS (KOHA)
Source of classification or shelving scheme Dewey Decimal Classification
Item type English Books
Call number suffix BAN
Classification part 947.0072047
Holdings
Withdrawn status Lost status Source of classification or shelving scheme Damaged status Not for loan Collection code Home library Current library Date acquired Source of acquisition Cost, normal purchase price Total Checkouts Full call number Barcode Date last seen Copy number Cost, replacement price Koha item type
    Dewey Decimal Classification   Not For Loan Non-fiction D.B.Act.Division D.B.Act.Division 10/12/2008 DBAD / PUB 695.00   947.0072047 BAN EN-75614 10/12/2008 1 695.00 English Books

© Delhi Public Library
Hit Counter
free hit counter